000 00276nam a22001217a 4500
999 _c160654
_d160654
082 _a
_b
100 _aMaurice A Canney.
245 _aAn encyclopaedia of religions/
_cby Maurice A Canney.
260 _aDelhi:
_bNag,
_c1976.
300 _a397p.
650 _a
942 _cBK